Представление документа в формате MARC21

Поле Инд. ПП Название Значение
Тип записи a
Библиографический уровень m
001 Контрольный номер b3fc88f9-53f4-45a4-84d4-109c55ccee7a
005 Дата корректировки 20140226145537.9
008 Кодируемые данные 990616 d
020 a ISBN 5-02-014422-3
c Цена, тираж 47.50
040 a Служба первич. каталог. НБ ТвГУ
041 a Код языка текста rus
080 a Индекс УДК 530.1(075.8)
a Индекс УДК 537.8:530.145(075.8)
084 a Индекс другой классификации/Индекс ББК В31я731-1
a Индекс другой классификации/Индекс ББК В315.7я731-1
090 x Авторский знак Л22
a Полочн. индекс В31
100 1_ a Автор Ландау Лев Давидович
245 10 a Заглавие Теоретическая физика
n Номер части/ раздела Т. 4
p Название части/ раздела Квантовая электродинамика / В.Б. Берестецкий, Е.М. Лифшиц, Л.П. Питаевский
b Продолж. заглавия Учеб. пособие для студентов физ. спец. ун-тов
250 a Основные сведения об издании 2.изд.
b Дополнительные сведения об издании испр.
260 0_ a Место издания Москва
c Дата издания 1989
b Издательство Наука
300 a Объем 344 с.
b Иллюстрации/ тип воспроизводства ил.
500 a Примечание На пер. авт. не указаны.
500 a Примечание На корешке только загл. тома.
504 a Библиография Предм. указ.: с.721-723.
583 a Действие Приписка 338 01.06.99
k Исполнитель действия Взамен утраченных
650 a Основная рубрика Физика теоретическая
x Основная подрубрика Учебники для вузов
650 a Основная рубрика Электродинамика квантовая
653 a Ключевые слова Квантовая электродинамика
a Ключевые слова Теоретическая физика
a Ключевые слова Учебники
a Ключевые слова Физика
a Ключевые слова Электродинамика
700 1_ a Другие авторы Лифшиц Евгений Михайлович
700 1_ a Другие авторы Берестецкий Владимир Борисович
e Роль лиц авт.
700 1_ a Другие авторы Питаевский Лев Петрович
e Роль лиц авт.
852 t Порядковый номер экземпляра 3
p Инвентарный номер 710346 47.50
p Инвентарный номер 604244
p Инвентарный номер 612715
888 a Бесплатные
910 a гриф есть*
930 a Новая/Ретро учебники
952 p 338.99 47.50 1 710346
c Вид литературы К ру
954 a Дата поступления на обработку 19990602
999 a Подразделение 2 Фил3